[Event "CFriend CP-2005-P-00009"]
[Site "Chessfriend.com"]
[Date "2005.10.01"]
[Round "1"]
[White "Maset, Antonio Roberto"]
[Black "Samu, Lloyd"]
[Result "1-0"]
[WhiteElo "1934"]
[BlackElo "800"]
[PlyCount "51"]
[EventDate "2005.??.??"]
[EventType "tourn (corr)"]
[EventRounds "4"]
[SourceTitle "Corr 2008"]
[Source "ChessBase"]
[SourceDate "2008.06.24"]
[SourceVersion "1"]
[SourceVersionDate "2008.06.24"]
[SourceQuality "1"]

1. e4 e5 2. Nf3 Nc6 3. Bc4 Nf6 4. d3 d5 5. exd5 Nxd5 6. 0-0 Bc5 7. Re1 f6 8. d4 Be7 9. dxe5 Nb6 10. exf6 gxf6 11. Qe2 Bg4 12. Bb5 a6 13. Bxc6+ bxc6 14. Nc3 Rg8 15. Qe4 Qd7 16. Qxh7 Be6 17. Bf4 Rd8 18. Rad1 Qc8 19. Rxd8+ Kxd8 20. Nd4 Re8 21. Nxe6+ Kd7 22. Nc5+ Kd8 23. Rxe7 Rxe7 24. Qh8+ Re8 25. Qxf6+ Re7 26. Qf8+ 1-0

[Event "CFriend CP-2005-P-00009"]
[Site "Chessfriend.com"]
[Date "2005.10.01"]
[Round "1"]
[White "Slavik, Petr"]
[Black "Samu, Lloyd"]
[Result "1-0"]
[WhiteElo "1092"]
[BlackElo "800"]
[PlyCount "41"]
[EventDate "2005.??.??"]
[EventType "tourn (corr)"]
[EventRounds "4"]
[SourceTitle "Corr 2008"]
[Source "ChessBase"]
[SourceDate "2008.06.24"]
[SourceVersion "1"]
[SourceVersionDate "2008.06.24"]
[SourceQuality "1"]

1. e4 d5 2. exd5 Qxd5 3. Nc3 Qe5+ 4. Be2 Nf6 5. Nf3 Qf5 6. d4 Nc6 7. 0-0 Qg6 8. Nh4 Be6 9. Nxg6 hxg6 10. Bf3 0-0-0 11. Be3 Bf5 12. a3 e5 13. Bxc6 bxc6 14. Qe2 exd4 15. Qa6+ Kb8 16. Bf4 dxc3 17. bxc3 Bc5 18. Rab1+ Bb6 19. Rxb6+ axb6 20. Qxb6+ Ka8 21. Qa6+ 1-0